Comic actors : a new movable toybook /

Bibliographic Details
Main Author: Meggendorfer, Lothar
Format: Microform Book
Language:English
Published: London : H. Grevel & Co., [1891?]
Series:Opie collection of children's literature ; 039:188.
Subjects:

MARC

Tag First Indicator Second Indicator Subfields
LEADER 00000cam a2200000Ia 4500
001 in00002599430
005 20151201154535.0
007 he amv---bacp
007 hz bhv---babp
008 080527s1891 enka b 000 0 eng d
035 |a (OCoLC)ocn228813086 
035 |a (OCoLC)228813086 
037 |a CL0021000039  |b ProQuest, 789 E. Eisenhower Parkway, Ann Arbor, MI 48108-3218 
040 |a UMI  |c UMI  |d UMI  |d UtOrBLW 
049 |a UMIA 
090 |a PZ5  |b .O67 1990 no.039:188. 
100 1 |a Meggendorfer, Lothar. 
245 1 0 |a Comic actors :  |b a new movable toybook /  |c by Lothar Meggendorfer. 
264 1 |a London :  |b H. Grevel & Co.,  |c [1891?] 
300 |a 33 unnumbered pages :  |b illustrations 
336 |a text  |b txt  |2 rdacontent 
337 |a microform  |b h  |2 rdamedia 
338 |a microfiche  |b he  |2 rdacarrier 
500 |a Cover title. 
500 |a Date of publication suggested by the Bodleian Library. 
500 |a "Printed in Germany." 
500 |a In verse. 
500 |a A pull-tab mechanical book. 
500 |a Reproduction of original in the Bodleian Library. 
510 4 |a Opie  |c EE 167 
533 |a Microfiche.  |b Ann Arbor, Mich. :  |c UMI,  |d 2000.  |e 1 microfiche ; 11 x 15 cm.  |f (Opie collection of children's literature ; 039:188)  |7 s2000 miun b 
500 |a Microform. 
650 0 |a Toy and movable books  |v Specimens. 
830 0 |a Opie collection of children's literature ;  |v 039:188. 
994 |a 02  |b UMI 
999 |a MARS 
999 f f |s af8e6e1c-4d10-32b8-b5e7-f4227b454a49  |i 29fa093c-d51f-366b-9d87-e198345b6025  |t 0 
952 f f |a Texas A&M University  |b College Station  |c Sterling C. Evans Library  |d Evans: Microforms Fiche (3rd floor)  |t 0  |e PZ5 .O67 1990 no.039:188.  |h Library of Congress classification 
998 f f |a PZ5 .O67 1990 no.039:188.  |t 0  |l Evans: Microforms Fiche (3rd floor)